书目信息 |
| 题名: |
高校图书馆阅读推广与宣传促进研究
|
|
| 作者: | 李琳 著 | |
| 分册: | ||
| 出版信息: | 长春 吉林人民出版社 2020.04 |
|
| 页数: | 176页 | |
| 开本: | 24cm | |
| 丛书名: | ||
| 单 册: | ||
| 中图分类: | G259.256 | |
| 科图分类: | ||
| 主题词: | 院校图书馆--读书活动--研究 | |
| 电子资源: | ||
| ISBN: | 978-7-206-16566-5 | |
| 000 | 00790nam0 2200229 450 | |
| 001 | 0108153908 | |
| 005 | 20210308154402.0 | |
| 010 | @a978-7-206-16566-5@dCNY40.00 | |
| 100 | @a20200928d2020 em y0chiy50 ea | |
| 101 | 0 | @achi |
| 102 | @aCN@b220000 | |
| 105 | @ay z 000yy | |
| 106 | @ar | |
| 200 | 1 | @a高校图书馆阅读推广与宣传促进研究@Agao xiao tu shu guan yue du tui guang yu xuan chuan cu jin yan jiu@f李琳著 |
| 210 | @a长春@c吉林人民出版社@d2020.04 | |
| 215 | @a176页@d24cm | |
| 330 | @a本书内容分为绪论、高校图书馆服务创新探究、高校图书馆阅读推广与活动评价、不同视域下高校图书馆阅读推广与宣传模式研究等4章。 | |
| 606 | 0 | @a院校图书馆@x读书活动@x研究 |
| 690 | @aG259.256@v5 | |
| 701 | 0 | @a李琳@Ali lin@4著 |
| 801 | 0 | @aCN@bBJSZM@c20210308 |
| 905 | @b1272065-8@dG259.256@e42@f4 | |
| 高校图书馆阅读推广与宣传促进研究/李琳著.-长春:吉林人民出版社,2020.04 |
| 176页;24cm |
| ISBN 978-7-206-16566-5:CNY40.00 |
| 本书内容分为绪论、高校图书馆服务创新探究、高校图书馆阅读推广与活动评价、不同视域下高校图书馆阅读推广与宣传模式研究等4章。 |
| ● |
| 相关链接 |
|
|
|
|
正题名:高校图书馆阅读推广与宣传促进研究
索取号:G259.256/42
 
预约/预借
| 序号 | 登录号 | 条形码 | 馆藏地/架位号 | 状态 | 备注 |
| 1 | 1272065 | 212720652 | 第一样本阅览室/ [索取号:G259.256/42] | 在馆 | |
| 2 | 1272066 | 212720661 | 教育系资料室/ [索取号:G259.256/42] | 在馆 | |
| 3 | 1272067 | 212720670 | 教育系资料室/ [索取号:G259.256/42] | 在馆 | |
| 4 | 1272068 | 212720689 | 第四借阅区/ [索取号:G259.256/42] | 在馆 |